000 00787pam a2200265 a 4500
001 1407591
005 20150828111659.0
008 840106s1984 enka b 001 0 eng
010 _a 83027554
020 _a0582353734 (pbk.)
040 _aDLC
_cDLC
_dDLC
043 _ae------
050 0 0 _aD258
_b.L55 1984
082 0 0 _a940.2/4
_219
100 1 _aLimm, Peter.
_919164
245 1 4 _aThe Thirty Years War /
_cPeter Limm.
260 _aLondon ;
_aNew York :
_bLongman,
_c1984.
300 _ax, 134 p. :
_bill. ;
_c20 cm.
440 0 _aSeminar studies in history
_919165
500 _aIncludes index.
504 _aBibliography: p. 120-130.
650 0 _aThirty Years' War, 1618-1648.
_919166
906 _a7
_bcbc
_corignew
_d1
_eocip
_f19
_gy-gencatlg
942 _2lcc
_cMONOGRAPH
999 _c123186
_d123186